Score 0/20 Timer 01:30
1 Play Today
% Correct
Black
96.7%
Jean
96.3%
Feel
95.9%
Mirror
95.6%
Young
95.5%
Loving
95.4%
Alone
94.8%
Beat
94.2%
World
93.8%
Dance
93.2%
% Correct
Wall
92.7%
Enough
91.7%
Smooth
91.6%
Mine
91.3%
Nature
91.1%
Wanna
89.4%
It
89%
Remember
88.5%
Diana
86.3%
Rock
79.9%

Today's Daily Dose

Come Together.
Have Fun.
All Virtual.
We all need to come together. Play Sporcle's virtual live trivia to have fun, connect with people, and get your trivia on. Join a live hosted trivia game for your favorite pub trivia experience done virtually. If a virtual private party is more your thing, go here for details.

You're not logged in!

Compare scores with friends on all Sporcle quizzes.
OR
Log In

Sporcle TV

Today on Sporcle TV


Watch our educational content, quiz creation guides, and fun videos on Sporcle TV.

Show Comments

Extras

Top Quizzes Today


Score Distribution

Paid Content

Your Account Isn't Verified!

In order to create a playlist on Sporcle, you need to verify the email address you used during registration. Go to your Sporcle Settings to finish the process.

Report this User

Report this user for behavior that violates our Community Guidelines.

Details: